Projev vědeckotechnického faktoru ve vnějších vztazích

Salvato in:
Dettagli Bibliografici
Autore principale: Malý, Bohuslav
Altri autori: Stránský, František
Natura: Libro
Lingua:ceco
Pubblicazione: Praha Ústav pro ekonomiku a řízení vědeckotechnického rozvoje 1980
Tags: Aggiungi Tag
Nessun Tag, puoi essere il primo ad aggiungerne!!

MARC

LEADER 00000nam a2200000 4500
001 c119135
005 20041019155213.3
041 0 |a cze 
044 |a CZ 
245 1 0 |a Projev vědeckotechnického faktoru ve vnějších vztazích  |c Bohuslav Malý, František Stránský 
264 1 |a Praha  |b Ústav pro ekonomiku a řízení vědeckotechnického rozvoje  |c 1980 
300 |a 120 s. 
100 1 |a Malý, Bohuslav 
700 1 |a Stránský, František